000 01815cam a2200385 i 4500
999 _c9097
_d9097
001 812258092
003 OCoLC
005 20241126110705.0
008 130617s2013 ilu bd 001 0 eng
010 _a2013015897
020 _a9780830824564
020 _a0830824561
020 _a9781844748761
020 _a1844748766
035 _a(OCoLC)812258092
040 _aDLC
_beng
_erda
_cDLC
_dBTCTA
_dBDX
_dYDXCP
_dNA5
_dBTA
_dSGB
_dOCLCF
_dMNJ
_dMNY
_dCFT
_dOCLCQ
_dOCLCO
_dCHVBK
042 _apcc
050 0 0 _aBS2555.52
_b.D53 2013
082 0 0 _a226.03
_223
_bDIC
245 0 0 _aDictionary of Jesus and the Gospels /
_cedited by Joel B. Green, Jeannine K. Brown & Nicholas Perrin
250 _aSecond edition
264 1 _aDowners Grove, Ilinois :
_bIVP Academic,
_c[2013]
300 _axxxi, 1088 pages ;
_c27 cm
336 _atext
_btxt
_2rdacontent
337 _aunmediated
_bn
_2rdamedia
338 _avolume
_bnc
_2rdacarrier
504 _aIncludes bibliographical references and indexes
505 0 _aPreface -- How to use this dictionary -- Abbreviations -- Transliterations -- List of contributors -- Dictionary articles -- Scripture index -- Subject index -- Articles index
520 _aArticles cover each Gospel, major themes in the Gospels, key episodes in the life of Jesus, significant background topics, as well as issues and methods of interpretation. Among other benefits, it allows multiple opportunities for each of the Gospels to be weighed and heard in its own voice.--
_cProvided by publisher
630 0 0 _aBible.
_pGospels
_xCriticism, interpretation, etc.
_vDictionaries
_94246
655 7 _aCriticism, interpretation, etc.
_2fast
_0(OCoLC)fst01411635
_91372
655 7 _aDictionaries.
_2fast
_0(OCoLC)fst01423826
_93629
700 1 _aGreen, Joel B.,
_d1956-
_eeditor
_92475
942 _2ddc
_cREF